000 00445nam a2200145Ia 4500
008 220216s9999 xx 000 0 und d
100 _aYushanov S P
245 0 _aUltrasonic devlulcanization of SBR rubber: Experimentation and modeling based on cavitation and percolation theories
260 _bRubber Chemistry and Technology
_c1998
300 _a168-190
650 _aSBR rubber
700 _aIsayev A I
700 _aKim S H
942 _cJS
999 _c71717
_d71717